Landmarks to Country (Oceania) - Statistics

General Stats
  • This quiz has been taken 21 times
  • The average score is 34 of 40
Answer Stats
Landmark Country % Correct
1) Uluru/Ayers Rock Australia
100%
4) Q1 Tower Australia
100%
8) Sydney Opera House Australia
100%
11) Wave Rock Australia
100%
15) Coober Pedy Australia
100%
19) Great Barrier Reef Australia
100%
29) Pinnacles Desert Australia
100%
37) Matagarup Bridge Australia
100%
2) Waitomo Glow Caves New Zealand
90%
10) Sky Tower New Zealand
90%
14) Hobbiton village New Zealand
90%
25) Larnach Castle New Zealand
90%
33) Bulmer Cavern New Zealand
90%
16) Hakauata Island Lighthouse Tonga
90%
39) Ha'amonga 'a Maui Trilithon Tonga
90%
7) Navala Village Fiji
85%
24) Sri Siva Subramaniya Swami Temple Fiji
85%
36) Tavuni Hill Fort Fiji
85%
21) Pulemelei Mound Samoa
85%
31) Papaseea Sliding Rocks Samoa
85%
13) Rai Stones of Yap Federated States of Micronesia
80%
18) Cathedral of Ponape Belltower Federated States of Micronesia
80%
35) Our Lady of the Rosary Cathedral (Koinowa) Kiribati
80%
22) Bikini Atoll Marshall Islands
80%
28) Moqua Caves Nauru
80%
34) Buada Lagoon Nauru
80%
12) Jellyfish Lake Palau
80%
23) Odalmelech Palau
80%
30) Ngardmau Waterfalls Palau
80%
40) Belau National Museum Palau
80%
5) Mount Wilhelm Papua New Guinea
80%
20) Kuk Swamp Papua New Guinea
80%
32) Hohola Mosque Papua New Guinea
80%
3) Marovo Lagoon Solomon Islands
75%
17) Rennell Island Atoll Solomon Islands
75%
38) Tulagi island shipwrecks Solomon Islands
75%
9) Mount Yasur volcano Vanuatu
75%
27) Nanda Blue Hole Vanuatu
75%
26) Niutao reef island Tuvalu
70%
6) Bora Bora/Tahiti France
55%
No matching quizzes found
Score Distribution
Percent of People with Each Score
Percentile by Number Answered
Your Score History
You have not taken this quiz